<?xml version="1.0" encoding="UTF-8"?>
<record
    xmlns:xsi="http://www.w3.org/2001/XMLSchema-instance"
    xsi:schemaLocation="http://www.loc.gov/MARC21/slim http://www.loc.gov/standards/marcxml/schema/MARC21slim.xsd"
    xmlns="http://www.loc.gov/MARC21/slim">

  <leader>01707cam a22003614a 4500</leader>
  <controlfield tag="001">000018071</controlfield>
  <controlfield tag="005">20200929165336.0</controlfield>
  <controlfield tag="008">020916s2001    it       b   f101 0 ita d</controlfield>
  <datafield tag="020" ind1=" " ind2=" ">
    <subfield code="a">8871252144</subfield>
  </datafield>
  <datafield tag="040" ind1=" " ind2=" ">
    <subfield code="a">DO-SdBNP</subfield>
    <subfield code="b">ita</subfield>
    <subfield code="c">LC</subfield>
    <subfield code="d">BNPHU</subfield>
  </datafield>
  <datafield tag="050" ind1="0" ind2="0">
    <subfield code="a">DG812</subfield>
    <subfield code="b">.R75 2001</subfield>
  </datafield>
  <datafield tag="082" ind1=" " ind2=" ">
    <subfield code="a">nn*</subfield>
    <subfield code="b">R756</subfield>
  </datafield>
  <datafield tag="245" ind1="0" ind2="0">
    <subfield code="a">Roma di fronte all'Europa al tempo di Alessandro VI :</subfield>
    <subfield code="b">atti del convegno (Citta del Vaticano-Roma, 1-4 dicembre 1999) /</subfield>
    <subfield code="c">edici&#xF3;n M. Chiabo ... [et al.].</subfield>
  </datafield>
  <datafield tag="246" ind1="1" ind2=" ">
    <subfield code="i">Title on jacket:</subfield>
    <subfield code="a">Alessandro VI Borgia</subfield>
  </datafield>
  <datafield tag="260" ind1=" " ind2=" ">
    <subfield code="a">Roma :</subfield>
    <subfield code="b">Ministero per i Beni e le Attivita Culturali, Direzione Generale per gli Archivi :</subfield>
    <subfield code="b">Vendita, Istituto poligrafico e Zecca dello Stato,</subfield>
    <subfield code="c">2001.</subfield>
  </datafield>
  <datafield tag="300" ind1=" " ind2=" ">
    <subfield code="a">v. ;</subfield>
    <subfield code="c">24 cm.</subfield>
  </datafield>
  <datafield tag="490" ind1="1" ind2=" ">
    <subfield code="a">Pubblicazioni Degli Archivi di Stato.</subfield>
    <subfield code="a">Saggi ;</subfield>
    <subfield code="v">68</subfield>
  </datafield>
  <datafield tag="500" ind1=" " ind2=" ">
    <subfield code="a">la biblioteca s&#xF3;lo posee el volumen 1.</subfield>
  </datafield>
  <datafield tag="546" ind1=" " ind2=" ">
    <subfield code="a">Italian, French, and Spanish.</subfield>
  </datafield>
  <datafield tag="500" ind1=" " ind2=" ">
    <subfield code="a">"Comit&#xE9; Nacional de reuniones conducentes a la V centenario del pontificado de Alejandro VI (1492-1503)".</subfield>
  </datafield>
  <datafield tag="504" ind1=" " ind2=" ">
    <subfield code="a">Incluye referencias bibliogr&#xE1;ficas e &#xED;ndice.</subfield>
  </datafield>
  <datafield tag="651" ind1=" " ind2="0">
    <subfield code="a">Rome (Italy{Rpara}</subfield>
    <subfield code="x">History</subfield>
    <subfield code="y">1420-1798</subfield>
    <subfield code="v">Congresses.</subfield>
    <subfield code="9">39163</subfield>
  </datafield>
  <datafield tag="651" ind1=" " ind2="0">
    <subfield code="a">Papal States</subfield>
    <subfield code="x">History</subfield>
    <subfield code="y">1417-1605</subfield>
    <subfield code="v">Congresses.</subfield>
    <subfield code="9">39164</subfield>
  </datafield>
  <datafield tag="600" ind1="0" ind2="0">
    <subfield code="a">Alexander</subfield>
    <subfield code="b">VI,</subfield>
    <subfield code="c">Pope,</subfield>
    <subfield code="d">1431-1503</subfield>
    <subfield code="v">Congresses.</subfield>
    <subfield code="9">39165</subfield>
  </datafield>
  <datafield tag="700" ind1="1" ind2=" ">
    <subfield code="a">Chiab&#xF2;, Maria,</subfield>
    <subfield code="e">ed.</subfield>
    <subfield code="9">39166</subfield>
  </datafield>
  <datafield tag="700" ind1="1" ind2=" ">
    <subfield code="a">Maddalo, S.,</subfield>
    <subfield code="e">ed.</subfield>
    <subfield code="9">39167</subfield>
  </datafield>
  <datafield tag="700" ind1="1" ind2=" ">
    <subfield code="a">Miglio, M.,</subfield>
    <subfield code="e">ed.</subfield>
    <subfield code="9">39168</subfield>
  </datafield>
  <datafield tag="700" ind1="1" ind2=" ">
    <subfield code="a">Oliva, A. M.,</subfield>
    <subfield code="e">ed.</subfield>
    <subfield code="9">39169</subfield>
  </datafield>
  <datafield tag="710" ind1="1" ind2=" ">
    <subfield code="a">Comitato nazionale incontri di studio per il V centenario del pontificato di Alessandro VI (1492-1503).</subfield>
    <subfield code="9">39170</subfield>
  </datafield>
  <datafield tag="830" ind1=" " ind2="0">
    <subfield code="a">Pubblicazioni Degli Archivi di Stato.</subfield>
    <subfield code="p">Saggi ;</subfield>
    <subfield code="v">68</subfield>
    <subfield code="9">3896</subfield>
  </datafield>
  <datafield tag="910" ind1=" " ind2=" ">
    <subfield code="a">Catalogaci&#xF3;n por copia / LC</subfield>
  </datafield>
  <datafield tag="049" ind1=" " ind2=" ">
    <subfield code="a">BNGR</subfield>
  </datafield>
  <datafield tag="952" ind1=" " ind2=" ">
    <subfield code="0">0</subfield>
    <subfield code="1">0</subfield>
    <subfield code="5">2</subfield>
    <subfield code="7">0</subfield>
    <subfield code="8">MO</subfield>
    <subfield code="a">GR</subfield>
    <subfield code="b">GR</subfield>
    <subfield code="c">CT</subfield>
    <subfield code="d">2010-04-13</subfield>
    <subfield code="i">LF1</subfield>
    <subfield code="l">0</subfield>
    <subfield code="o">v.1</subfield>
    <subfield code="p">18071-10</subfield>
    <subfield code="r">2020-06-25</subfield>
    <subfield code="w">2020-06-25</subfield>
    <subfield code="y">2</subfield>
    <subfield code="Z">Pr&#xE9;stamo interno</subfield>
  </datafield>
  <datafield tag="999" ind1=" " ind2=" ">
    <subfield code="c">17593</subfield>
    <subfield code="d">17593</subfield>
  </datafield>
</record>
